One Piece Characters - Statistics

General Stats
  • This quiz has been taken 167 times
  • The average score is 125 of 199
Answer Stats
Picture Answer % Correct
Monkey D. Luffy
86%
Roronoa Zoro
86%
Portgas D. Ace
85%
Sir Crocodile
85%
Tony Tony Chopper
85%
Trafalgar D. Water Law
84%
Usopp
84%
Vinsmoke Sanji
84%
Arlong
83%
Charlotte Linlin
83%
Eustass Kid
83%
Franky
83%
Koby
83%
Nami
83%
Nefertari D. Vivi
83%
Brook
82%
Donquixote Doflamingo
82%
Dracule Mihawk
82%
Figarland Shanks
82%
Kaido
82%
Monkey D. Garp
82%
Nico Robin
82%
Sabo
82%
Smoker
82%
Bon Clay
81%
Gol D. Roger
81%
Edward Newgate
80%
Jinbe
80%
Marco
80%
Marshall D. Teach
80%
Rob Lucci
80%
Boa Hancock
79%
Buggy
79%
Enel
79%
Monkey D. Dragon
79%
Bartholomew Kuma
78%
Imu
78%
Shirahoshi
78%
Silvers Rayleigh
78%
Vegapunk
78%
Charlotte Katakuri
77%
Gecko Moria
77%
Kizaru
77%
Laboon
77%
Yamato
77%
Akainu
76%
Jewelry Bonney
76%
Queen
76%
Sengoku
76%
Alvida
75%
Bellamy
75%
Carrot
75%
Galdino
75%
JoyBoy
75%
Kuzan
75%
Tashigi
75%
Daz Bones
74%
Donquixote Rosinante
74%
King
74%
Kouzuki Oden
74%
X Drake
74%
Charlotte Pudding
73%
Crocus
73%
Emporio Ivankov
73%
Killer
73%
Perona
73%
Rebecca
73%
Fujitora
72%
Kaku
72%
Pedro
72%
Basil Hawkins
71%
Charlotte Perospero
71%
Kin'emon
71%
Magellan
71%
Nefertari D. Cobra
71%
Bartolomeo
70%
Bepo
70%
Capone Bege
70%
Charlotte Cracker
70%
Kouzuki Momonosuke
70%
Neptune
70%
Scratchmen Apoo
70%
Yasopp
70%
Baby 5
69%
Blueno
69%
Brogy
69%
Koala
69%
Tom
69%
Dorry
68%
Jack
67%
Saint Jaygarcia Saturn
67%
Vergo
67%
Vinsmoke Reiju
67%
Charlotte Smoothie
66%
Pica
66%
Rocks D. Xebec
66%
Benn Beckman
65%
Black Maria
65%
Loki
65%
Senor Pink
65%
Sugar
65%
Caribou
64%
Helmeppo
64%
Jaguar D. Saul
64%
Jesus Burgess
64%
Leo
64%
Raizo
64%
Urouge
64%
Charlotte Oven
63%
Shiki
63%
Vinsmoke Judge
63%
Kalifa
62%
Shakuyaku
62%
Vinsmoke Niji
62%
Charlotte Lola
61%
Trebol
61%
Charlotte Brulee
60%
Kurozumi Kanjuro
60%
Kurozumi Orochi
60%
Scopper Gaban
60%
Ulti
60%
Absalom
59%
Diamante
59%
Edward Weevil
59%
Jozu
59%
Lao G
59%
Lucky Roux
59%
Vinsmoke Ichiji
59%
Shiryu
58%
Vista
58%
Lilith
56%
Vinsmoke Yonji
56%
Who's Who
56%
Laffitte
55%
Nekomamushi
55%
Page One
55%
Catarina Devon
54%
Don Chinjao
54%
Hatchan
54%
Nefertari D. Lily
54%
Aramaki
53%
Hajrudin
53%
Jabra
53%
Kyros
53%
Pekoms
53%
Nico Olvia
52%
Figarland Shamrock
51%
Saint Marcus Mars
51%
Sanjuan Wolf
51%
Dellinger
50%
Tsuru
50%
Edison
49%
Kong
49%
Kouzuki Toki
49%
Saint Figarland Garling
49%
Van Augur
49%
Vasco Shot
49%
Gloriosa
48%
Kawamatsu
48%
York
48%
Doc Q
47%
Ginny
47%
Inazuma
47%
Inuarashi
47%
Kouzuki Hiyori
47%
Vinsmoke Sora
47%
Buckingham Stussy
46%
Saint Shepherd Ju Peter
46%
Denjiro
45%
Hannyabal
45%
Shaka
45%
Ashura Doji
44%
Belo Betty
44%
Sai
44%
Izou
43%
Charlotte Daifuku
42%
Shinobu
42%
Ideo
41%
Tamago
41%
Atlas
40%
Saint Ethanbaron V. Nusjuro
40%
Saint Topman Warcury
40%
Avalo Pizarro
39%
Charlotte Chiffon
39%
Karasu
39%
Morley
38%
Manmayer Gunko
37%
Pythagoras
37%
Sasaki
37%
Kikunojo
36%
Fukaboshi
35%
Kumadori
34%
Lindbergh
33%
Fukurou
32%
Riku Doldo
30%
Charlotte Snack
28%
Shepherd Sommers
28%
Rimoshifu Killingham
22%
Satchels Maffey
11%
No matching quizzes found
Score Distribution
Percent of People with Each Score
Percentile by Number Answered
Your Score History
You have not taken this quiz